000
00332nam a2200145Ia 4500
003
IN-BaIIA
005
20250701140815.0
008
211028s9999 xx 000 0 eng d
040
_c
IIA Library
080
_a
551.576.12
_b
CLO
245
0
_a
Cloud forms 6th edition
260
_a
London
_c
1949
650
_a
Clouds
942
_c
BK
_2
ddc
999
_c
1552
_d
1552